Normal view
MARC view
Entry Topical Term
001 - CONTROL NUMBER
- control field: 28338
003 - CONTROL NUMBER IDENTIFIER
- control field: OSt
005 - DATE AND TIME OF LATEST TRANSACTION
- control field: 20240812151547.0
008 - FIXED-LENGTH DATA ELEMENTS
- fixed length control field: 240812|| aca||aabn | a|a d
040 ## - CATALOGING SOURCE
- Original cataloging agency: OSt
- Transcribing agency: OSt
150 ## - HEADING--TOPICAL TERM
- Topical term or geographic name entry element:
- Form subdivision: Fantasy fiction
- Form subdivision: Alice (fictitious character)
- Form subdivision: Juvenile works
670 ## - SOURCE DATA FOUND
- Source citation: Work cat.: (OSt): Carroll, Lewis. 28337, Through the looking glass : and what Alice found there / , 2015.